Advanced bacterial genetics / (Record no. 143233)

MARC details
000 -LEADER
fixed length control field 01127pam a2200325 a 4500
008 - FIXED-LENGTH DATA ELEMENTS--GENERAL INFORMATION
fixed length control field
020 ## - INTERNATIONAL STANDARD BOOK NUMBER
International Standard Book Number 0879691301
049 ## - LOCAL HOLDINGS (OCLC)
Holding library MAIN
090 ## - LOCALLY ASSIGNED LC-TYPE CALL NUMBER (OCLC); LOCAL CALL NUMBER (RLIN)
Classification number (OCLC) (R) ; Classification number, CALL (RLIN) (NR) QH434
Local cutter number (OCLC) ; Book number/undivided call number, CALL (RLIN) DAV
003 - CONTROL NUMBER IDENTIFIER
control field
005 - DATE AND TIME OF LATEST TRANSACTION
control field 20230123133128.0
040 ## - CATALOGING SOURCE
Transcribing agency NUST
100 1# - MAIN ENTRY--PERSONAL NAME
Personal name Davis, Ronald W.
245 10 - TITLE STATEMENT
Title Advanced bacterial genetics /
Statement of responsibility, etc. Ronald W. Davis, David Botstein, John R. Roth.
260 ## - PUBLICATION, DISTRIBUTION, ETC.
Place of publication, distribution, etc. Cold Spring Harbor, N.Y. :
Name of publisher, distributor, etc. Cold Spring Harbor Laboratory,
Date of publication, distribution, etc. 1980
Date of manufacture (1981 printing)
300 ## - PHYSICAL DESCRIPTION
Extent x, 254 p. :
Other physical details ill. ;
Dimensions 28 cm.
440 #2 - SERIES STATEMENT/ADDED ENTRY--TITLE
Title A Manual for genetic engineering
504 ## - BIBLIOGRAPHY, ETC. NOTE
Bibliography, etc. note Includes bibliographies.
650 #0 - SUBJECT ADDED ENTRY--TOPICAL TERM
Topical term or geographic name entry element Bacterial genetics
General subdivision Laboratory manuals.
650 #0 - SUBJECT ADDED ENTRY--TOPICAL TERM
Topical term or geographic name entry element Bacterial genetics
General subdivision Experiments.
650 #0 - SUBJECT ADDED ENTRY--TOPICAL TERM
Topical term or geographic name entry element Genetic engineering
General subdivision Laboratory manuals.
650 #0 - SUBJECT ADDED ENTRY--TOPICAL TERM
Topical term or geographic name entry element Genetic engineering
General subdivision Experiments.
650 #2 - SUBJECT ADDED ENTRY--TOPICAL TERM
Topical term or geographic name entry element Genetic Engineering
Form subdivision laboratory manuals.
650 #2 - SUBJECT ADDED ENTRY--TOPICAL TERM
Topical term or geographic name entry element Genetics, Microbial
Form subdivision laboratory manuals.
700 1# - ADDED ENTRY--PERSONAL NAME
Personal name Botstein, David.
700 1# - ADDED ENTRY--PERSONAL NAME
Personal name Roth, John R.
710 2# - ADDED ENTRY--CORPORATE NAME
Corporate name or jurisdiction name as entry element Cold Spring Harbor Laboratory.
907 ## - LOCAL DATA ELEMENT G, LDG (RLIN)
a .b10013799
b 23-04-12
c 17-04-03
942 ## - ADDED ENTRY ELEMENTS (KOHA)
Koha item type Ordinary Loan Books
Call number prefix QH434
Call number suffix DAV
Holdings
Date last seen Total Checkouts Full call number Barcode Cost, replacement price Price effective from Koha item type Lost status Source of classification or shelving scheme Damaged status Not for loan Collection Withdrawn status Home library Current library Shelving location Date acquired Cost, normal purchase price
01/23/2023 1 QH434 DAV 92004009635 80.00 01/23/2023 BOOKS   LCC     NFIC   MAIN MAIN GEN 01/23/2023 80.00